000
00315nam a22001337a 4500
020
_a
978-0-00-752050-3
082
_a
823
_b
COE/M
100
_a
COELHO, PAULO
245
_a
MANUSCRIPT FOUND IN ACCRA
260
_a
LONDON
_b
HARPER COLLINS
_c
2013
300
_a
194
650
_a
MOTIVATIONAL
_z
UNITED KINGDOM
942
_c
BK
999
_c
8012
_d
8012